| 000 | 00534nam a2200217Ia 4500 | ||
|---|---|---|---|
| 003 | OSt | ||
| 005 | 20221005120841.0 | ||
| 006 | a|||||r|||| 00| 0 | ||
| 007 | ta | ||
| 008 | 221004b |||||||| |||| 00| 0 eng d | ||
| 024 | _a120781 | ||
| 037 | _cTextual | ||
| 040 |
_aCRL _cCRL _beng |
||
| 041 |
_2eng _aeng |
||
| 100 |
_aSchool maths study group _9629732 |
||
| 245 | 0 | _aFirst course in algebra pt 1 | |
| 260 | _c1961 | ||
| 650 | _aMATHEMATICS | ||
| 942 |
_cTEXL _2cc |
||
| 999 |
_c1039314 _d1039314 |
||